Estadísticas para Prueba de Eslovaquia

Haz click aquí para tomar la prueba!

Estadísticas generales

  • Esta prueba ha sido tomada 502 veces
  • La puntuación promedio es 14 de 21

Estadísticas de respuestas

PistaRespuesta% Correcto
CapitalBratislava
97%
Países limítrofesHungría
97%
Países limítrofesRepública Checa
96%
Países limítrofesAustria
93%
Países limítrofesPolonia
93%
País del que Eslovaquia formó parte, 1918-1992Checoslovaquia
92%
Moneda de EslovaquiaEuro
90%
El río en el que se encuentra la capitalDanubio
89%
Países limítrofesUcrania
84%
El país que lideró la invasión de ese país en 1968Unión Soviética
84%
El pueblo eslovaco de Kremnické Bane es uno de los muchos
lugares que dicen ser el _____ geográfico de Europa
Centro
80%
Grupo étnico que incluye eslovacos, serbios y rusosEslavos
74%
La cordillera que cubre la mayor parte de EslovaquiaCarpatos
56%
El deporte más popularHockey sobre hielo
50%
Moneda antes de la respuesta anteriorCorona
48%
Eslovaquia es el mayor productor mundial de _____ per cápita
- 1.110.000 de ellos se fabricaron en el país sólo en 2019
Automóviles
39%
La segunda ciudad más pobladaKošice
35%
Eslovaquia tiene el mayor número de este tipo de estructura per cápita en el mundoCastillo
31%
Aproximadamente el 8,5% de la población pertenece a este grupo étnicoHúngaro
28%
Nombre de la revolución no violenta que derrocó al régimen comunista en 1989Revolución de {Terciopelo}
27%
Mujer, nacida en Eslovaquia, que ganó 5 títulos de Grand SlamMartina Hingis
22%

Distribución de puntuación

Porcentaje por número respondido

Porcentaje de gente con cada puntuación

Historial de tus puntuaciones

No has tomado esta prueba